000 01138nam a2200313 4500
003 EC-UNACH
005 20251219113451.0
006 s||||gr|||| 00| 00
008 150116t9999 mx r gr 000 0 spa d
020 _a968-26-1216-0
040 _aEC-UNACH
_cEC-UNACH
041 _aspa
082 0 4 _223
_a745.2
_bL018537
110 _aEditorial Patria
245 _aIngeniería industrial y administración. Una nueva perspectiva.
250 _aSegunda edición
264 _aMexico
_bEditorial Patria
_c2007
300 _a479
505 _a1. Breve historia de la ingeniería industrial. 2. Diseño de sistemas de producción. 3. Control de sistemas de producción. 4. Administración. 5. Administración total de calidad. 6. Productividad. 7. Investigación de operaciones. 8. Ciencias de la decisión. 9. Sistemas. 10. ¿ A dónde vamos a partir de aquí?
650 _a Administración
650 _aSistemas
650 _aIndustrial
700 _aPhilip E Hicks
942 _2ddc
_c1
999 _c14329